La littérature médiévale de A à Z - Statistiques

Statistiques générales
  • Ce quiz a été pris 149 fois
  • Le résultat moyen est 12 sur 26
Statistiques - réponses
Lettre Indice Réponse % Correct
A Roi de la Table Ronde Arthur
98%
I Amoureuse de Tristan Iseut
83%
Q Celle du Graal concerne P (et A) Quête
81%
P L'un des chevaliers du Roi A Perceval
80%
D Auteur de la "Divine Comédie" Dante
79%
E Miniature dessinée sur un manuscrit Enluminure
66%
R Personnage principal de la plus célèbre chanson de geste française Roland
65%
G Le nom du renard avant qu'il ne le prenne à Renart Goupil
61%
T Au Nord les trouvères, au Sud les ... Troubadours
60%
X Siècle d'Eustache Deschamps XIV
51%
O Oui, au nord Oïl
50%
B Oeuvre médiévale consacrée aux animaux Bestiaire
47%
J Molinet, Froissart ou de Meung Jean
46%
L Ceux de Marie de France sont célèbres Lais
43%
Y Le loup du "Roman de Renart" Ysengrin
35%
M Fée à qui Jean d'Arras donna un Roman Mélusine
31%
H Texte sur la vie d'un saint Hagiographie
28%
V "Frères humains qui après nous vivez" Villon
28%
F Contes à rire en vers Fabliaux
25%
U Le mélange médiéval d'un cheval et d'un rhinocéros Unicorne
24%
C Auteur des "Contes de Canterbury" Chaucer
17%
K Sénéchal du A Keu
15%
N Comme l'I mais avec Aucassin Nicolette
15%
S Philosophie médiévale Scolastique
9%
W Ville que la littérature galloise médiévale appelait "Cair Guinntguic" Winchester
8%
Z Académicien spécialiste de la littérature médiévale Zink
5%
Aucun quiz correspondant
Distribution des résultats
% des personnes avec chaque résultat
Percentile par nombre de réponses
Votre historique - résultats
Vous n’avez pas pris ce quiz